| 000 | 00472nam a2200181Ia 4500 | ||
|---|---|---|---|
| 005 | 20250423101630.0 | ||
| 008 | 250422s9999 xx 000 0 und d | ||
| 020 | _a0-201-62712-4 | ||
| 050 | _aHD58.85J65 | ||
| 100 | _aRobert Johansen | ||
| 245 | 0 | _aUpsizing the Individual in the Downsized Organization | |
| 260 | _aMassachusetts | ||
| 260 | _bAddison - Wesley PUblishing Co | ||
| 260 | _c1994 | ||
| 300 | _a191 p | ||
| 650 | _aPersonnel Management | ||
| 942 | _cBK | ||
| 999 |
_c36812 _d36812 |
||